Zombies on Your Lawn Lyrics Quiz - Statistics

General Stats
  • This quiz has been taken 23 times
  • The average score is 27 of 34
Answer Stats
Answer % Correct
There's a zombie on your {lawn}
100%
There's a zombie on your {lawn}
100%
There's a zombie on your {lawn}
100%
There's a zombie on your {lawn}
100%
There's a zombie on your {lawn}
100%
There's a zombie on your {lawn}
100%
There's a zombie on your {lawn}
100%
There's a zombie on your {lawn}
100%
There's a zombie on your {lawn}
100%
We don't want zombies on the {lawn}
100%
We don't want zombies on the {lawn}
100%
We don't want {zombies} on the lawn
81%
You like the taste of brains we don't like {zombies}
81%
All Zombies: We are the {undead}
75%
All Zombies: We are the {undead}
75%
Digger Zombie: I like your {tricycle}
75%
I know your {type}: Tall, Dark and Dead
75%
{Screen Door} Zombie: I have a {Screen Door} Shield
75%
You want to bite all the {petals} off of my head
75%
Zombie: There's {butter} on my head
75%
Brains are quite rich in {cholesterol}
69%
Dolphin: I'm gonna {eat your brains}
69%
{Football} Zombie: I used to play {football}
69%
{One} {Two} {Three}
69%
{Sunflower}
69%
You're dead so it doesn't {matter}
69%
And then {eat} {the} {brains} of the one who planted me here
63%
{Conehead} Zombie: {Road cones} protect my head
63%
I know you have a lot of food on your {plate}
63%
Instead we'll use this {solar power}
63%
{NOOOOOOOO!}
63%
To make a lawn defense at {any hour}
63%
I'm just a sunflower but, see we power an entire {infantry}
56%
Maybe it's time to {reevaluate}
56%
No matching quizzes found
Score Distribution
Percent of People with Each Score
Percentile by Number Answered
Your Score History
You have not taken this quiz